Movies Quiz

Random Movies or Clickable Quiz

'Willy Wonka' Start to Finish Quiz Stats

 Plays Quiz not verified by Sporcle

Support Sporcle.
Go Orange.
Score 0/10 Timer 04:00
0 Plays Today
% Correct
???
100%
???
96.1%
???
93.3%
???
85.1%
???
81.2%
???
64%
???
35.9%
???
31.6%
???
31.6%
???
31.6%

You're not logged in!

Compare scores with friends on all Sporcle quizzes.
OR
Log In

From the Vault

Words to Use Instead of 'Very'

by gazzso

This quiz is very fun - or should we say it's a blast?
Remove Ads.
Support Sporcle.
Get the best of Sporcle when you Go Orange. This ad-free experience offers more features, more stats, and more fun while also helping to support Sporcle. Thank you for becoming a member.

Show Comments

Extras

Top Quizzes Today


Score Distribution

Your Account Isn't Verified!

In order to create a playlist on Sporcle, you need to verify the email address you used during registration. Go to your Sporcle Settings to finish the process.

Report this User

Report this user for behavior that violates our Community Guidelines.

Details: